000 00731nam a2200181 a 4500
001 49961
005 20180714034840.0
008 140415s2007 sp 000 0 spa d
020 _a9788467006490
041 _aspa
082 _a036
_bENC
245 0 0 _aENCICLOPEDIA UNIVERSAL ILUSTRADA EUROPEO-AMERICANA :
_bSUPLEMENTO 2005 - 2006
250 _a1a ed.
260 _aESPAÑA :
_bESPASA-CALPE,
_c2007
300 _a619
_c17.6 x 5.3 x 25.2
520 _aENCICLOPEDIA UNIVERSAL ILUSTRADA EUROPEO-AMERICANA : SUPLEMENTO 2005-2006 ES UN DICCIONARIO BASICO PARA ESTUDIANTES DE UNIVESIDAD Y EDUCACIÓN MEDIA SUPERIOR ESTE MANUAL DICCIONARIO LE CONTIENE TODAS LOS SIGNIFICADOS
650 1 4 _aENCICLOPEDIAS Y DICCIONARIOS
999 _c49961
_d49961